000 00653nam a22002057a 4500
003 OSt
005 20260113022319.0
008 260113b |||||||| |||| 00| 0 eng d
020 _a 0875849385
040 _aDWC-Main lib
_cOC
082 _aCirc. 332.0415 D681 2000
100 _aGupta, Udayan
245 _a Done deals :
_bventure capitalists tell their stories
_cUdayan Gupta
260 _aBoston, Massachussets :
_bHarvard Business School Press,
_cc2000.
300 _aviii, 415 pages :
_b illustrations ;
_c 23cm.
504 _aIncludes index.
650 _a1. Businessman.
650 _a2. Venture capital.
942 _2ddc
_cBK-CIRC
_kCirc.
_n0
999 _c7314
_d7314